[Event "Chigorin Mem Classic Open"]
[Site "St Petersburg RUS"]
[Date "2010.11.04"]
[Round "8"]
[White "Bogdanovich,S"]
[Black "Kovalev,Vl"]
[Result "1-0"]
[WhiteElo "2464"]
[BlackElo "2328"]

1.d4 Nf6 2.c4 g6 3.Nc3 Bg7 4.e4 d6 5.Nf3 O-O 6.Be2 e5 7.O-O Nbd7 8.Re1 a6
9.Bf1 c6 10.a4 exd4 11.Nxd4 a5 12.Bf4 Ne8 13.Qd2 Nc5 14.Rad1 Qe7 15.Bg5 Qe5
16.Nf3 Qe6 17.Bh6 Bxh6 18.Qxh6 f6 19.Qf4 Ra6 20.Rd2 Rb6 21.Red1 Rb4 22.Ne1 Nxa4
23.Nxa4 Rxa4 24.b3 Rb4 25.Nc2 c5 26.Nxb4 axb4 27.Ra2 Bd7 28.f3 Bc6 29.Ra8 Kg7
30.g3 Qe5 31.Qxe5 fxe5 32.Kf2 Kf7 33.Ke3 Ke7 34.Bh3 Rf7 35.f4 exf4+ 36.gxf4 Nf6
37.Rc8 Bxe4 38.Rc7+ Ke8 39.Rc8+ Ke7 40.Rc7+ Kf8 41.Rxf7+ Kxf7 42.Rxd6 Bc2
43.Rb6 Bxb3 44.Rxb7+ Ke8 45.Be6 Bc2 46.h4 h6 47.Bd5 Bb3 48.Bf7+ Kd8 49.Kd3 Ba2
50.Kc2 Ne4 51.Ra7 Nc3 52.Kb2 Bb1 53.h5 gxh5 54.Be6 h4 55.f5 h3 56.f6 Bg6
57.Rd7+ Ke8 58.Rg7 Kd8 59.Rxg6 h2 60.f7 Ke7 61.Rg8 Kxe6 62.f8=Q h1=Q 63.Qe8+ Kf5
64.Rf8+ Kg5 65.Qe5+ Kh4 66.Qf4+ Kh5 67.Rf5+ Kg6 68.Qg4+  1-0

[Event "14th OIBM"]
[Site "Bad Wiessee GER"]
[Date "2010.11.05"]
[Round "8.42"]
[White "Zart,R"]
[Black "Lupor,S"]
[Result "1/2-1/2"]
[WhiteElo "2171"]
[BlackElo "2295"]

1.d4 Nf6 2.c4 g6 3.Nc3 Bg7 4.e4 O-O 5.Nf3 d6 6.Be2 Nbd7 7.O-O e5 8.Bg5 h6
9.Bh4 c6 10.d5 c5 11.Nd2 h5 12.Bg5 a6 13.a3 Qc7 14.b4 Nh7 15.Be3 Bf6 16.Nb3 b6
17.Qd2 Qd8 18.bxc5 bxc5 19.Rab1 Bg5 20.Rb2 h4 21.Nd1 Bxe3 22.Nxe3 Ndf6 23.Qc2 Bd7
24.Nd2 Rb8 25.Rfb1 Qc7 26.Rxb8 Rxb8 27.Rxb8+ Qxb8 28.Nd1 Ng5 29.f3 Nh5 30.Qb2 Qc7
31.Nf2 Nf4 32.Bf1 Nh5 33.Bd3 Kg7 34.Bc2 Qa5 35.Bd1 Qc7 36.Nd3 Kf8 37.Kf2 Kg8
38.Nb1 Kh7 39.Nc3 f5 40.Ke3 Nf7 41.Kd2 Nf6 42.Nf2 Kg7 43.Kc1 Qd8 44.Ba4 Bxa4
45.Nxa4 fxe4 46.fxe4 Nh5 47.Qd2 Nf4 48.Ng4 Qd7 49.Qd1 Nxg2 50.Nc3 Qd8 51.Kb2 Nf4
52.Kb3 Qb6+ 53.Ka2 Qb8 54.Ne3 Kf8 55.Qg4 Nd3 56.Qg2 Nc1+ 57.Ka1 Nb3+ 58.Ka2 Nd4
59.Qb2 Qxb2+ 60.Kxb2 h3 61.Ncd1 Ng5 62.Nf2 Ke7 63.Neg4 Kd7 64.Nf6+ Ke7 65.N6g4 Kd7
66.Nf6+ Ke7  1/2-1/2

[Event "VII Open"]
[Site "Figueira da Foz POR"]
[Date "2010.11.05"]
[Round "7.23"]
[White "Mourato,Mario"]
[Black "Durao,J"]
[Result "1-0"]
[WhiteElo "1855"]
[BlackElo "2009"]

1.d4 Nf6 2.c4 g6 3.Nc3 Bg7 4.e4 d6 5.Nf3 O-O 6.Be2 e5 7.d5 Nbd7 8.O-O Nc5
9.Qc2 a5 10.Be3 Ne8 11.Nd2 f5 12.a3 f4 13.Bxc5 dxc5 14.Rfd1 Rf7 15.Nb5 Bf8
16.Nf3 Bd6 17.Qc3 Qe7 18.a4 g5 19.h3 Rg7 20.Nh2 Nf6 21.Qd3 h5 22.f3 Kh8 23.Kf2 Qf7
24.Rh1 Bd7 25.b3 Rag8 26.Rag1 b6 27.Ke1 Rh7 28.Nc3 Be8 29.Qd1 Bd7 30.Kd2 Qe8
31.Qf1 Rg6 32.Qd1 Qc8 33.Kd3 Be8 34.Qf1 Bd7 35.Qd1 Kg8 36.Kd2 Rhg7 37.Kd3 Kf7
38.Kd2 g4 39.hxg4 hxg4 40.fxg4 Nxg4 41.Nxg4 Bxg4 42.Bxg4 Qxg4 43.Ne2 Qg5
44.Kd3 Qd8 45.Qf1 Qg8 46.g3 Ke7 47.gxf4 exf4 48.Rxg6 Rxg6 49.Nxf4 Rf6 50.Qg2 Qxg2
51.Nxg2 Rf3+ 52.Ke2 Rxb3 53.Rh6 Kf7 54.Re6 Ra3 55.e5 Be7 56.Rc6 Ra2+ 57.Kf3 Bd8
58.Nf4 Rxa4 59.Ne6 Ke7 60.Nxc7 Rxc4 61.Ne6 a4 62.Rc8 a3 63.Nxd8 Ra4 64.Nc6+ Kd7
65.Rh8 a2 66.Rh7+ Kc8 67.d6  1-0

[Event "Chigorin Mem Classic Open"]
[Site "St Petersburg RUS"]
[Date "2010.11.05"]
[Round "9"]
[White "Levin,Ev"]
[Black "Serov,M"]
[Result "1-0"]
[WhiteElo "2483"]
[BlackElo "2375"]

1.d4 Nf6 2.Nf3 g6 3.c4 Bg7 4.Nc3 O-O 5.e4 d6 6.Be2 e5 7.Be3 exd4 8.Nxd4 Nc6
9.Nc2 Re8 10.f3 Nh5 11.g4 Nf6 12.Qd2 Be6 13.O-O Nd7 14.Kh1 a6 15.Rad1 Qb8
16.b3 b5 17.Nd5 Nce5 18.Bd4 bxc4 19.bxc4 Nc5 20.Ba1 Qc8 21.Nce3 Qd7 22.Qc2 f6
23.Rg1 Qf7 24.f4 Nc6 25.Bf3 Rab8 26.Bc3 a5 27.Rb1 Rxb1 28.Rxb1 Bc8 29.a3 Ne6
30.Qb2 Nc5 31.Bxf6 Bxf6 32.Nxf6+  1-0

[Event "Chigorin Mem Classic Open"]
[Site "St Petersburg RUS"]
[Date "2010.11.05"]
[Round "9"]
[White "Syrchikov,A"]
[Black "Menovshchikov,Mark"]
[Result "1-0"]
[WhiteElo "2256"]
[BlackElo "2023"]

1.d4 Nf6 2.Nf3 g6 3.c4 Bg7 4.Nc3 O-O 5.e4 d6 6.Be2 e5 7.dxe5 dxe5 8.Qxd8 Rxd8
9.Bg5 Re8 10.Nd5 Nxd5 11.cxd5 c6 12.Bc4 cxd5 13.Bxd5 Nd7 14.Nd2 Nc5 15.Ke2 Be6
16.Bxe6 Nxe6 17.Be3 Red8 18.Rac1 Nd4+ 19.Bxd4 Rxd4 20.Rc4 Rad8 21.Rxd4 Rxd4
22.f3 Bh6 23.Nb1 f5 24.exf5 gxf5 25.Rd1 Rxd1 26.Kxd1 Kf7 27.Ke2 Ke6 28.Kd3 Kd5
29.Nc3+ Kc5 30.Ne2 Kd5 31.Nc3+ Kc5 32.h3 b5 33.g4 b4 34.Na4+ Kb5 35.b3 fxg4
36.hxg4 Kc6 37.Ke4 Bd2 38.Nb2 Bc3 39.Nc4  1-0

[Event "TCh-SUI 2010"]
[Site "Switzerland SUI"]
[Date "2010.11.06"]
[Round "8.8"]
[White "Huss,A"]
[Black "Maeser,F"]
[Result "1-0"]
[WhiteElo "2326"]
[BlackElo "2307"]

1.d4 d6 2.Nf3 Nf6 3.c4 g6 4.Nc3 Bg7 5.e4 O-O 6.Be2 e5 7.d5 a5 8.Bg5 h6 9.Bh4 Na6
10.Nd2 Qe8 11.a3 Bd7 12.b3 Nh7 13.Rb1 h5 14.f3 Bh6 15.Bf2 Qe7 16.b4 axb4
17.axb4 h4 18.g3 Ng5 19.Bf1 Nh3 20.Bxh3 Bxh3 21.gxh4 Kg7 22.Rg1 Rh8 23.Nf1 Bf4
24.Bg3 Rxh4 25.Bxh4 Qxh4+ 26.Ke2 c5 27.dxc6 bxc6 28.Qe1 Qf6 29.Ng3 Rh8 30.Qf2 Be6
31.Kd3 d5 32.cxd5 cxd5 33.exd5 Bxg3 34.hxg3 Rd8 35.Ne4 Rxd5+ 36.Ke2 Qe7 37.Qb6 Rd4
38.Rgd1 Bc4+ 39.Kf2 Bd3 40.Rxd3 Rxd3 41.Qxa6  1-0

[Event "14th OIBM"]
[Site "Bad Wiessee GER"]
[Date "2010.11.07"]
[Round "9.26"]
[White "Schultz,A"]
[Black "Welling,G"]
[Result "1-0"]
[WhiteElo "2209"]
[BlackElo "2337"]

1.d4 d6 2.Nf3 Nf6 3.c4 g6 4.Nc3 Bg7 5.e4 O-O 6.Be2 e5 7.O-O Nbd7 8.Be3 Re8
9.d5 Nh5 10.g3 Bf6 11.Ne1 Ng7 12.Qd2 Be7 13.Nd3 f5 14.f3 Nf6 15.c5 fxe4 16.fxe4 Ng4
17.cxd6 cxd6 18.Bxg4 Bxg4 19.Rac1 Bd7 20.a4 a6 21.b4 Rc8 22.Nb2 Nh5 23.a5 Nf6  1-0

[Event "TCh-BEL 2010-11"]
[Site "Belgium BEL"]
[Date "2010.11.07"]
[Round "3.7"]
[White "Mastalerz,X"]
[Black "Roeder,M"]
[Result "1/2-1/2"]
[WhiteElo "2129"]
[BlackElo "2406"]

1.Nf3 Nf6 2.d4 g6 3.c4 Bg7 4.Nc3 O-O 5.e4 d6 6.Be2 e5 7.O-O Na6 8.Be3 Ng4
9.Bg5 f6 10.Bh4 g5 11.h3 Nh6 12.Bg3 Nf7 13.dxe5 dxe5 14.Qc1 c6 15.Rd1 Qe7
16.Na4 f5 17.exf5 Bxf5 18.c5 Nb4 19.Qc4 Nd5 20.Nc3 Be6 21.Qe4 Nf6 22.Qe3 Nd5
23.Qe4 Nf6 24.Qe3 Nd5  1/2-1/2

[Event "VII Open"]
[Site "Figueira da Foz POR"]
[Date "2010.11.07"]
[Round "9.12"]
[White "Perez Negro,J"]
[Black "Andias,J"]
[Result "1-0"]
[WhiteElo "2169"]
[BlackElo "1909"]

1.d4 Nf6 2.c4 g6 3.Nc3 Bg7 4.e4 d6 5.Nf3 O-O 6.Be2 e5 7.d5 a5 8.Bg5 Na6 9.O-O Qe8
10.Nd2 h5 11.a3 Bd7 12.b3 Nh7 13.Be3 Qe7 14.Rc1 Bf6 15.Nf3 Ng5 16.Ne1 b6
17.Rc2 Nh7 18.f3 Bg5 19.Bf2 f5 20.Nd3 f4 21.b4 axb4 22.axb4 Bh4 23.Bxh4 Qxh4
24.c5 bxc5 25.bxc5 Rfb8 26.c6 Be8 27.Ra2 Qg5 28.Qa1 Rb6 29.Nf2 Rb3 30.Nfd1 h4
31.Rxa6 h3 32.Rf2 Rxa6 33.Qxa6 hxg2 34.Qc8 Qe7 35.Rxg2 Kf7 36.Bf1 Ng5 37.Qg4 Nh7
38.Qxg6+ Kf8 39.Qg8+  1-0

[Event "VII Open"]
[Site "Figueira da Foz POR"]
[Date "2010.11.07"]
[Round "9.3"]
[White "Petkov,V"]
[Black "Todorov,Todor"]
[Result "1/2-1/2"]
[WhiteElo "2513"]
[BlackElo "2487"]

1.d4 Nf6 2.c4 g6 3.Nc3 Bg7 4.e4 d6 5.Nf3 O-O 6.Be2 e5 7.O-O Nbd7 8.Be3 exd4
9.Nxd4 Nc5 10.f3 a5 11.Ndb5 b6 12.Qd2 Bd7 13.Rfd1 Bxb5 14.Nxb5 Re8 15.Bf1 Qc8
16.Rab1 Qb7 17.Nc3 Rad8 18.Bf2 Ncd7 19.Qc2 Re5 20.a3 Qb8 21.b4 axb4 22.axb4 Rde8
23.Bg3 R5e6 24.Nb5 Qc8 25.Nd4 R6e7 26.Nc6 Re6 27.Rb3 Qa8 28.Nd4 R6e7 29.Nb5 Qc6
30.Ra3 Nf8 31.Nd4 Qb7 32.Qa2 Ne6 33.Ra7 Qc8 34.Nc6 Rd7 35.Qa4 Nd8 36.Nxd8 Rexd8
37.Qc6 Ne8 38.Bh4 Bc3 39.Ra4 Kg7 40.Rd3 Bf6 41.Bf2 Re7 42.Ra2 Qd7 43.Qxd7 Rexd7
44.Ra6 Kf8 45.g3 Rb8 46.Rda3 c5 47.Rb3 Rbb7 48.Ra8 Ra7 49.Rb8 Be7 50.Be3 Bd8
51.Rb1 Ke7 52.bxc5 bxc5 53.e5 Bc7 54.Bg5+ f6 55.exf6+ Kf7 56.Rc8 Rd8 57.Bh3  1/2-1/2

[Event "TCh-CZE 2010-11"]
[Site "Frydek Mistek CZE"]
[Date "2010.11.07"]
[Round "2.5"]
[White "Studnicka,Toma"]
[Black "Hausner,I"]
[Result "0-1"]
[WhiteElo "2348"]
[BlackElo "2430"]

1.d4 d6 2.Nf3 Nf6 3.c4 g6 4.Nc3 Bg7 5.e4 O-O 6.Be2 e5 7.Be3 exd4 8.Nxd4 Re8
9.f3 c6 10.Bg5 Qb6 11.Nb3 a5 12.Qxd6 Nbd7 13.Qd2 a4 14.Be3 Qb4 15.Nd4 a3
16.Rb1 axb2 17.Rxb2 Qe7 18.O-O Nc5 19.Rc2 Rd8 20.Rd1 Ne6 21.Qc1 Nxd4 22.Rxd4 Rxd4
23.Bxd4 Nxe4 24.Qe3 Bxd4 25.Qxd4 Qc5 26.Qxc5 Nxc5 27.g4 f5 28.Kf2 f4 29.h4 h6
30.Ke1 Kf7 31.Kd1 Be6 32.Rd2 g5 33.hxg5 hxg5 34.Kc2 Rh8 35.Nd1 Kf6 36.Nb2 Ra8
37.Kb1 Bf7 38.Nd3 Bg6 39.Kb2 Bxd3 40.Bxd3 Re8 41.Bc2 Re3 42.Rd6+ Ke5 43.Rg6 Rxf3
44.Rxg5+ Kd4 45.Rf5 Rf2 46.g5 Kxc4 47.Kb1 b6 48.Rf6 Kc3 49.Bd1 Rb2+ 50.Ka1 Rd2
51.Bh5 Rg2 52.Bg6 Rxg5 53.Bb1 Rg4 54.Rxc6 f3 55.Rf6 Rg3 56.Rf4 Nd3 57.Bxd3 Kxd3
58.Kb2 Ke3 59.Rf6 f2  0-1

[Event "Frauenbundesliga 1st Div 2010-11"]
[Site "Germany GER"]
[Date "2010.11.07"]
[Round "2.2"]
[White "Savina,A"]
[Black "Jelica,M"]
[Result "1-0"]
[WhiteElo "2397"]
[BlackElo "2223"]

1.d4 Nf6 2.c4 g6 3.Nc3 Bg7 4.e4 d6 5.Nf3 O-O 6.Be2 e5 7.O-O exd4 8.Nxd4 Re8
9.f3 c6 10.Be3 d5 11.cxd5 cxd5 12.Bf2 dxe4 13.Ndb5 exf3 14.Bxf3 Nc6 15.Nd6 Re7
16.Nxc8 Rxc8 17.Qxd8+ Rxd8 18.Bh4 Re6 19.Nb5 a6 20.Nc7 Red6 21.Bg3 Rd2 22.Nxa6 Nd4
23.Nc5 Nxf3+ 24.Rxf3 Rxb2 25.Be5 Rd5 26.Bxb2  1-0

[Event "TCh-NOR Attack-serien 2010-11"]
[Site "Oslo NOR"]
[Date "2010.11.07"]
[Round "3"]
[White "Ostenstad,B"]
[Black "Elsness,F"]
[Result "1-0"]
[WhiteElo "2466"]
[BlackElo "2484"]

1.Nf3 Nf6 2.c4 g6 3.Nc3 Bg7 4.e4 d6 5.d4 O-O 6.Be2 e5 7.d5 a5 8.h3 Na6 9.Bg5 Qe8
10.Nd2 Nd7 11.a3 Nb6 12.Be3 f5 13.O-O Bd7 14.b3 Nc5 15.f3 Qe7 16.Qc2 Bf6
17.b4 axb4 18.axb4 Na6 19.c5 Nxb4 20.Qb3 dxc5 21.d6+ Qf7 22.Bxc5 Qxb3 23.Nxb3 Nc2
24.Rxa8 Nxa8 25.dxc7 Rc8 26.Nd5 Kg7 27.Bd3 Nd4 28.Nxd4 exd4 29.Bd6 Bc6 30.Ra1 fxe4
31.fxe4 Bxd5 32.Rxa8 Rxa8 33.exd5 Kf7 34.Bf4 Bd8 35.d6 Rc8 36.Be4 d3 37.Bxd3 Ke6
38.Be4 Bg5 39.Bxg5 Kxd6 40.Bf4+  1-0

[Event "TCh-SUI 2010"]
[Site "Switzerland SUI"]
[Date "2010.11.07"]
[Round "9.8"]
[White "Rindlisbacher,J"]
[Black "Nuri,Kam"]
[Result "1-0"]
[WhiteElo "2088"]
[BlackElo "2235"]

1.d4 Nf6 2.c4 g6 3.Nc3 Bg7 4.e4 d6 5.Nf3 O-O 6.Be2 e5 7.O-O Nbd7 8.Re1 c6
9.Rb1 exd4 10.Nxd4 Nc5 11.f3 a5 12.Be3 Re8 13.Kh1 Nh5 14.g4 Nf6 15.Qd2 Qe7
16.Rbd1 Bf8 17.b3 Be6 18.Bf4 Rad8 19.Qb2 Bg7 20.Qa3 Bxg4 21.fxg4 Nfxe4 22.Bf3 Qf6
23.Nce2 Nf2+ 24.Kg2 Nxd1 25.Rxd1 Ne6 26.Nxe6 Rxe6 27.Qc1 Qb2 28.Qxb2 Bxb2
29.Nd4 Ree8 30.Bg5 Rd7 31.Kg3 Kg7 32.Nxc6 bxc6 33.Bxc6 Rde7 34.Bxe8 Rxe8
35.Bf4 f6 36.Rxd6 g5 37.Rd7+ Kg6 38.Bc7 a4 39.Rd3 a3 40.Bd6 Re2 41.Kf3 Rc2
42.Re3 h5 43.h3 h4 44.Re2 Rc3+ 45.Kg2 Bc1 46.Rf2 Be3 47.Bb4 Rc1 48.Bxa3 Re1
49.Rf1 Re2+ 50.Kf3 Rxa2 51.Kxe3 Rxa3 52.Rb1 Ra2 53.c5 Rh2 54.Kd4 Rxh3 55.c6 Rh2
56.Rc1 Rd2+ 57.Ke4 Re2+ 58.Kf3 Re8 59.c7 Rc8 60.b4 Kf7 61.b5 Ke7 62.b6 Kd7
63.b7 Rxc7 64.Rd1+  1-0

[Event "ch-ISR"]
[Site "Haifa ISR"]
[Date "2010.11.08"]
[Round "1.5"]
[White "Zilberman,Y"]
[Black "Zaltz,D"]
[Result "1-0"]
[WhiteElo "2481"]
[BlackElo "2316"]

1.d4 Nf6 2.Nf3 g6 3.c4 Bg7 4.Nc3 O-O 5.e4 d6 6.Be2 e5 7.dxe5 dxe5 8.Qxd8 Rxd8
9.Bg5 Nbd7 10.O-O-O Rf8 11.Ne1 c6 12.Be3 Re8 13.Nc2 Nf8 14.f3 Ne6 15.g3 a5
16.b3 Bf8 17.Rd2 Bc5 18.Bxc5 Nxc5 19.Rhd1 Be6 20.Kb2 Kf8 21.Ne3 Ke7 22.Bf1 Red8
23.Rxd8 Rxd8 24.Rxd8 Kxd8 25.a3 Kc7 26.b4 axb4 27.axb4 Ncd7 28.c5 b6 29.Na4 Ne8
30.cxb6+ Nxb6 31.Nxb6 Kxb6 32.Bc4 Bxc4 33.Nxc4+ Kb5 34.Nxe5 Kxb4 35.Kc2 Nd6
36.Nxc6+ Kc5 37.Na5 Kd4 38.Kd2 f5 39.exf5 Nxf5 40.Nb3+ Kc4 41.Nc1 Kd4 42.Ne2+ Ke5
43.Kd3 Nd6 44.Nd4 Kd5 45.Nc2 Ke5 46.Ne3 Nf7 47.f4+ Kf6 48.Ke4 Nd6+ 49.Kd5 Nb5
50.Ng4+ Kf5 51.Nh6+ Kf6 52.Ke4 Nc3+ 53.Kf3 Nb5 54.Ng4+ Kf5 55.Ne3+ Kf6 56.g4 Nd6
57.Ng2 Ke6 58.Ne3 Kf6 59.Nf1 Ke6 60.Ng3 Kd5 61.h3 Ke6 62.Ne4 Nf7 63.Kg3 h6
64.Kh4 Kd5 65.Nf6+ Kd4 66.Ng8 Ke4 67.Kg3 g5 68.Nf6+ Ke3 69.f5 Kd4 70.h4 Ke5
71.Nh7 gxh4+ 72.Kxh4 Kf4 73.Kh5 Ne5 74.f6 Nf7 75.Nf8 Kg3 76.Ne6 Kf3 77.Nd4+ Kf4
78.Nf5  1-0

[Event "FSGM November"]
[Site "Budapest HUN"]
[Date "2010.11.11"]
[Round "6"]
[White "Czebe,A"]
[Black "Ilincic,Z"]
[Result "1/2-1/2"]
[WhiteElo "2487"]
[BlackElo "2451"]

1.d4 Nf6 2.c4 g6 3.Nc3 Bg7 4.e4 O-O 5.Nf3 d6 6.Be2 e5 7.O-O exd4 8.Nxd4 Re8
9.f3 Nc6 10.Be3 Nh5 11.Qd2 Nf4 12.Nxc6 Nxe2+ 13.Qxe2 bxc6 14.Qd2 c5 15.Rad1 Be6
16.b3 f5 17.exf5 gxf5 18.Rfe1 Qf6 19.Nd5 Qf7 20.Bf2 Kh8 21.Kf1  1/2-1/2

[Event "ch-ISR"]
[Site "Haifa ISR"]
[Date "2010.11.11"]
[Round "4.5"]
[White "Sorin,Mi"]
[Black "Kantsler,B"]
[Result "1/2-1/2"]
[WhiteElo "2204"]
[BlackElo "2440"]

1.Nf3 g6 2.c4 Bg7 3.Nc3 d6 4.d4 Nf6 5.e4 O-O 6.Be2 Nbd7 7.O-O e5 8.Re1 Re8
9.d5 Rf8 10.Bf1 h6 11.b4 a5 12.bxa5 Rxa5 13.a4 Nc5 14.Ba3 Nfd7 15.Nd2 Ra8
16.Bxc5 Nxc5 17.Nb3 Nxb3 18.Qxb3 Ra5 19.Ra3 b6 20.Be2 f5 21.Bf3 Bd7 22.Nb5 Kh7
23.Qc2 Kh8 24.Rf1 Be8 25.Qe2 Bd7 26.Qc2 Be8 27.Qe2 Bd7 28.Qc2 Be8 29.Qe2 Bd7  1/2-1/2

[Event "Schachbundesliga 2010-11"]
[Site "Griesheim GER"]
[Date "2010.11.13"]
[Round "3"]
[White "Efimenko,Z"]
[Black "Mista,A"]
[Result "1-0"]
[WhiteElo "2683"]
[BlackElo "2574"]

1.c4 e5 2.Nc3 Nf6 3.Nf3 d6 4.d4 Nbd7 5.e4 g6 6.Be2 Bg7 7.O-O O-O 8.Qc2 Nh5
9.Bg5 Bf6 10.Be3 Ng7 11.Rad1 Ne6 12.dxe5 dxe5 13.c5 c6 14.b4 Qc7 15.Bc4 Re8
16.Rd6 Ndf8 17.Rfd1 Bd7 18.Ne2 b5 19.Bb3 a5 20.bxa5 Re7 21.Bd2 Be8 22.Bb4 Kg7
23.Qc3 Nd7 24.h3 Nd8 25.a4 bxa4 26.Bxa4 Re6 27.Bb3 Rxd6 28.cxd6 Qa7 29.Qc2 c5
30.Bc3 Nc6 31.Bd5 Rc8 32.Qb2 Qa6 33.Bxc6 Rxc6 34.Nxe5 Bxe5 35.Bxe5+ f6 36.Bxf6+ Nxf6
37.e5 Kf7 38.Nf4 Bd7 39.e6+ Bxe6 40.Nxe6 Rxd6 41.Ng5+ Ke7 42.Qe5+ Kd7 43.Qe6+ Kc7
44.Qe7+ Rd7 45.Rxd7+ Nxd7 46.Ne6+  1-0

[Event "TCh-SWE Elitserien 2010-11"]
[Site "Sweden SWE"]
[Date "2010.11.13"]
[Round "4"]
[White "Vernersson,P"]
[Black "Grandelius,N"]
[Result "1/2-1/2"]
[WhiteElo "2372"]
[BlackElo "2500"]

1.d4 Nf6 2.c4 g6 3.Nc3 Bg7 4.e4 d6 5.Be2 O-O 6.Nf3 Nbd7 7.O-O e5 8.Re1 Re8
9.Bf1 exd4 10.Nxd4 c6 11.Rb1 Ne5 12.h3 a6 13.b4 b5 14.cxb5 axb5 15.a4 bxa4
16.Nxa4 Bb7 17.Nc3 Qe7 18.Bg5 h6 19.Bh4 Rad8 20.Qc2 c5 21.bxc5 dxc5 22.Ndb5 g5
23.Bg3 Nh5 24.Bh2 Nf4 25.Red1 Neg6 26.Rbc1 Rxd1 27.Rxd1 Be5 28.Nd5 Nxd5 29.exd5 Bxh2+
30.Kxh2 Qe5+ 31.Kg1 Bxd5 32.Qxc5 Nf4 33.Nc3 Bb3 34.Qxe5 Rxe5 35.Rb1 Bc2 36.Rc1 Bf5
37.Rd1 Kg7 38.Kh2 Rc5 39.Ne2 Nd3 40.Kg1 Bg6 41.Nd4 Nb2 42.Rd2 Na4 43.Bd3 Bxd3
44.Rxd3 Rd5 45.Rd2 Nc3 46.Nf3 Rxd2  1/2-1/2

[Event "e2e4 Brighton Congress Open"]
[Site "Brighton ENG"]
[Date "2010.11.14"]
[Round "4"]
[White "Lock,G"]
[Black "Coates,D"]
[Result "1/2-1/2"]
[WhiteElo "2182"]
[BlackElo "2067"]

1.d4 Nf6 2.Nf3 g6 3.c4 Bg7 4.Nc3 O-O 5.e4 d6 6.Be2 e5 7.O-O Na6 8.Be3 Ng4
9.Bg5 Qe8 10.dxe5 dxe5 11.h3 f6 12.Bc1 Nh6 13.Be3 c6 14.c5 Nc7 15.Re1 Nf7
16.Bc4 Be6 17.Qb3 Bxc4 18.Qxc4 Ne6 19.b4 a6 20.Na4 Qe7 21.Nb6 Rad8 22.Rad1 Bh6
23.Bxh6 Nxh6 24.Qc1 Nf7 25.Nc4 Nf4 26.Qc2 Qe6 27.Kh2 Kg7 28.Na5 Qe7 29.Qc4 Rfe8
30.g3 Ne6 31.Kg2 Nfg5  1/2-1/2

[Event "1st Open"]
[Site "Brno CZE"]
[Date "2010.11.14"]
[Round "1"]
[White "Milfort,V"]
[Black "Bacak Ml.,P"]
[Result "0-1"]
[WhiteElo "1655"]
[BlackElo "2050"]

1.d4 Nf6 2.Nf3 g6 3.c4 Bg7 4.Nc3 d6 5.e4 O-O 6.Be2 e5 7.d5 a5 8.O-O Ne8 9.h3 Na6
10.a3 Bd7 11.Bd2 f5 12.Bg5 Bf6 13.Bh6 Rf7 14.Bd2 f4 15.Nb5 Nc5 16.Nc3 a4
17.Na2 Nxe4 18.Bb4 Ng5 19.Rb1 Nxf3+ 20.Bxf3 Bf5 21.Bg4 Bxb1 22.Qxb1 Kh8 23.Be6 Re7
24.c5 Ng7 25.cxd6 cxd6 26.Bg4 Ne8 27.Nc3 Rg7 28.b3 axb3 29.Qxb3 h5 30.Bf3 Be7
31.a4 Nf6 32.Ba3 Bf8 33.Re1 g5 34.Qd1 g4 35.hxg4 hxg4 36.Be4 Qa5 37.Qb3 g3
38.Rc1 gxf2+ 39.Kxf2 Qa7+ 40.Kf1 Qe3 41.Qb1 Ng4  0-1

[Event "FSGM November"]
[Site "Budapest HUN"]
[Date "2010.11.14"]
[Round "9"]
[White "Hoang Thanh Trang"]
[Black "Czebe,A"]
[Result "1/2-1/2"]
[WhiteElo "2473"]
[BlackElo "2487"]

1.d4 Nf6 2.c4 g6 3.Nc3 Bg7 4.e4 d6 5.Nf3 O-O 6.Be2 e5 7.O-O exd4 8.Nxd4 Re8
9.f3 Nc6 10.Be3 Nh5 11.Qd2 Nf4 12.Nxc6 Nxe2+ 13.Nxe2 bxc6 14.Nc3 Be6 15.b3 Qe7
16.Rac1 f5 17.exf5 gxf5 18.Rfe1 Qf7 19.Bd4 Bh8  1/2-1/2

[Event "FSFMA November"]
[Site "Budapest HUN"]
[Date "2010.11.14"]
[Round "9"]
[White "Schenkerik,C"]
[Black "Rousseau,D"]
[Result "1-0"]
[WhiteElo "2127"]
[BlackElo "2077"]

1.d4 Nf6 2.c4 g6 3.Nc3 Bg7 4.e4 d6 5.Nf3 O-O 6.Be2 e5 7.d5 a5 8.Bg5 Qe8 9.Nd2 Nfd7
10.a3 f6 11.Be3 f5 12.f3 Qe7 13.O-O f4 14.Bf2 g5 15.Nb5 Na6 16.Na7 Rxa7 17.Bxa7 b6
18.Qb1 a4 19.Bd1 Nac5 20.b4 axb3 21.a4 Nf6 22.a5 Ncd7 23.axb6 cxb6 24.Bxb3 h5
25.Ba4 g4 26.Bxd7 Nxd7 27.Bxb6 g3 28.Kh1 Qh4 29.Bg1 Bf6 30.Ra8 Nc5 31.Rxc8 Rxc8
32.h3 Bd8 33.Bxc5 Rxc5 34.Qb8 Qe7 35.Ra1 Kf7 36.Ra8 Ke8 37.Nb3 Rc7 38.Na5 Rd7
39.Nc6 Qf6 40.Kg1 Qg5 41.Kf1 Qf6 42.Ke2 Qg5 43.Nxd8 Rxd8 44.Qxd8+ Qxd8 45.Rxd8+ Kxd8
46.Kd3 Kc7 47.Kc3 Kb7 48.Kb4 Kb6 49.c5+ dxc5+ 50.Kc4 h4 51.d6 Kc6 52.d7 Kxd7
53.Kxc5 Ke6 54.Kc6  1-0

[Event "16th Asian Games Rapid"]
[Site "Guangzhou CHN"]
[Date "2010.11.14"]
[Round "3"]
[White "Mohammad,Sam"]
[Black "Salem,AR"]
[Result "0-1"]
[WhiteElo "2361"]
[BlackElo "2518"]

1.c4 Nf6 2.Nf3 g6 3.Nc3 Bg7 4.e4 d6 5.d4 O-O 6.Be2 Nbd7 7.O-O e5 8.Be3 Re8
9.Qc2 exd4 10.Nxd4 Nc5 11.f3 c6 12.Rad1 Qe7 13.Kh1 a5 14.Nb3 Nxb3 15.axb3 Be6
16.Qd2 Rad8 17.Bg5 Bc8 18.Rfe1 Qc7 19.Bf1 Rd7 20.g3 Qb6 21.Qc2 h6 22.Be3 Qc7
23.Qd2 Kh7 24.Na4 d5 25.Bb6 Qb8 26.cxd5 cxd5 27.Bb5 dxe4 28.Bxd7 Bxd7 29.fxe4 Bg4
30.Rc1 Nxe4 31.Qg2 Ng5 32.Rxe8 Qxe8 33.Kg1 Bf3 34.Qf1 Bd5  0-1

[Event "ch-ISR"]
[Site "Haifa ISR"]
[Date "2010.11.15"]
[Round "6.3"]
[White "Zilberman,Y"]
[Black "Kantsler,B"]
[Result "1-0"]
[WhiteElo "2481"]
[BlackElo "2440"]

1.d4 d6 2.Nf3 g6 3.c4 Bg7 4.Nc3 Nf6 5.e4 O-O 6.Be2 e5 7.d5 a5 8.Bg5 h6 9.Bh4 Na6
10.Nd2 Bd7 11.a3 h5 12.Bg5 Qe8 13.b3 Nh7 14.Be3 f5 15.f3 f4 16.Bf2 g5 17.h4 Bf6
18.hxg5 Bxg5 19.Qc2 Nf6 20.Rb1 h4 21.b4 axb4 22.axb4 Nh5 23.Bxh4 Bxh4+ 24.Rxh4 Qg6
25.Nf1 Ng3 26.Bd3 Qg5 27.Rh2 Kg7 28.Qf2 c5 29.dxc6 bxc6 30.c5 Nc7 31.cxd6 Ne8
32.Nd2 Nxd6 33.Nc4 Nxc4 34.Bxc4 Be8 35.Rd1 Rd8 36.Qa7+ Bf7 37.Bxf7 Rxf7 38.Rh7+ Kxh7
39.Qxf7+ Kh8 40.Qe6 Rxd1+ 41.Nxd1 Qh5 42.Nf2 Qh2 43.Qh3+ Qxh3 44.gxh3 Kg7
45.Ng4  1-0

[Event "1st Open"]
[Site "Brno CZE"]
[Date "2010.11.17"]
[Round "5"]
[White "Milfort,V"]
[Black "Snasel,Michal"]
[Result "0-1"]
[WhiteElo "1655"]
[BlackElo "1798"]

1.d4 Nf6 2.c4 g6 3.Nc3 Bg7 4.e4 d6 5.Nf3 O-O 6.Be2 e5 7.d5 Nbd7 8.b4 a5 9.Ba3 Nh5
10.O-O Nf4 11.g3 Nxe2+ 12.Qxe2 f5 13.c5 Nf6 14.b5 fxe4 15.Nxe4 Nxe4 16.Qxe4 Bf5
17.Qh4 Bf6 18.Qc4 Bh3 19.Rfc1 Bg7 20.Qe4 Qf6 21.Rc3 h5 22.cxd6 cxd6 23.Rac1 Rac8
24.Bb2 Bg4 25.Kg2 Bh6 26.Rd1 Bf5 27.Qe2 h4 28.Nxh4 Bg4 29.f3 Bd7 30.Kh1 Bh3
31.Ng2 Rf7 32.b6 g5 33.Kg1 Rg7 34.Ra3 Rf8 35.Rf1 g4 36.f4 Qd8 37.Rb3 Rgf7
38.Re1 Qc8 39.Rc1 Qf5 40.Nh4 Qh5 41.Ng2 Qf5 42.Rc7 Qb1+ 43.Kf2 Qxa2 44.Ra3 Qxd5
45.Kg1 Rxc7 46.bxc7 Qc5+ 47.Kh1 Qxc7 48.Rc3 Qf7 49.Ra3 b6 50.Kg1 Bxg2 51.Qxg2 exf4
52.gxf4 Qxf4 53.h3 Rf7 54.hxg4 Bg7 55.Bxg7 Qc1+ 56.Kh2 Qxa3 57.Bb2 Qf3 58.Qc2 Qf2+  0-1

[Event "1st Open"]
[Site "Brno CZE"]
[Date "2010.11.19"]
[Round "8"]
[White "Pons Carreras,D"]
[Black "Mareckova,M"]
[Result "1-0"]
[WhiteElo "2304"]
[BlackElo "2056"]

1.Nf3 Nf6 2.c4 g6 3.Nc3 Bg7 4.d4 O-O 5.e4 d6 6.Be2 e5 7.d5 a5 8.Bg5 h6 9.Bh4 Na6
10.Nd2 c6 11.a3 cxd5 12.cxd5 Nc5 13.b4 axb4 14.axb4 Rxa1 15.Qxa1 Na6 16.Qa3 Qb6
17.b5 Qc5 18.Qb3 Nb8 19.O-O g5 20.Bg3 Bg4 21.Bxg4 Nxg4 22.Ne2 Nd7 23.h4 Ra8
24.Rc1 Qa3 25.Qxa3 Rxa3 26.Nc4 Rb3 27.hxg5 hxg5 28.f3 Ne3 29.Nxe3 Rxe3 30.Nc3 Rd3
31.Bf2 g4 32.fxg4 Bh6 33.Rc2 Nf6 34.Kf1 Rd2 35.Rxd2 Bxd2 36.g5 Bxg5 37.Ke2 Kf8
38.Kf3 Ke7 39.Na4 Ne8 40.Bb6 Bc1 41.Ba5 Ba3 42.g4 Nf6 43.Nb6 Bc5 44.Nc4 Nd7
45.g5 Bd4 46.Bb4 Bc5 47.Be1 Bd4 48.Bh4 Bc5 49.Kg4 b6 50.Kf5 Ke8 51.g6 fxg6+
52.Kxg6 Nf8+ 53.Kf6 Nd7+ 54.Kf5 Kf7 55.Bd8 Ke8 56.Bc7 Ke7 57.Kg5 Nf6 58.Bd8+ Kxd8
59.Kxf6 Kd7 60.Kf7 Bd4 61.Nd2 Be3 62.Nf3 Bf2 63.Ng5 Be3 64.Nh7 Bf2 65.Nf6+ Kd8
66.Ke6 Bh4 67.Ng8 Kc7 68.Ne7 Bf2 69.Ng8 Bh4 70.Ne7 Bf2 71.Nf5 Bc5 72.Ke7 Bb4
73.Ng7 Ba3 74.Ne8+ Kc8 75.Ke6  1-0

[Event "1st Open"]
[Site "Brno CZE"]
[Date "2010.11.20"]
[Round "9"]
[White "Pokorny,P"]
[Black "Bacak Ml.,P"]
[Result "1/2-1/2"]
[WhiteElo "2264"]
[BlackElo "2050"]

1.d4 Nf6 2.c4 g6 3.Nc3 Bg7 4.e4 d6 5.Be2 O-O 6.Nf3 e5 7.dxe5 dxe5 8.Qxd8 Rxd8
9.Bg5 Na6 10.Nd5 Rd6 11.Bxf6 Bxf6 12.Nxf6+ Rxf6 13.O-O-O Bg4 14.h3 Bxf3 15.Bxf3 Kf8
16.Rd5 Nb4 17.Rb5 Rb6 18.a3 Nd3+ 19.Kc2 Rxb5 20.cxb5 Nf4 21.Rd1 Ke7 22.h4 Rd8
23.Rxd8 Kxd8 24.Kd2 Ke7 25.g3 Ne6 26.Be2 f6 27.Bc4 h6 28.Bd5 b6  1/2-1/2

[Event "British Rapidplay"]
[Site "Halifax ENG"]
[Date "2010.11.20"]
[Round "3"]
[White "Palliser,R"]
[Black "Combie,A"]
[Result "1-0"]
[WhiteElo "2445"]
[BlackElo "2038"]

1.Nf3 Nf6 2.c4 g6 3.Nc3 Bg7 4.e4 d6 5.d4 O-O 6.Be2 e5 7.d5 a5 8.Bg5 h6 9.Bh4 Na6
10.Nd2 Qe8 11.Bxf6 Bxf6 12.Bg4 Nc5 13.O-O Bg5 14.Bxc8 Qxc8 15.Nf3 Be7 16.b3 f5
17.Qe2 fxe4 18.Nxe4 Nxe4 19.Qxe4 Qf5 20.Qe2 a4 21.b4 Bf6 22.Rad1 e4 23.Nd4 Bxd4
24.Rxd4 Rae8 25.Qe3 g5 26.h3 h5 27.Re1 g4 28.h4 Qf6 29.Qg5+ Qxg5 30.hxg5 Rf4
31.Re3 Ref8 32.Re2 g3 33.fxg3 Rf1+ 34.Kh2 Rb1 35.g4 h4 36.g3 hxg3+ 37.Kxg3 Rf3+
38.Kg2 Rf4 39.Rdxe4 Rxe4 40.Rxe4 Rxb4 41.Kf3 Rb1 42.Re7 c5 43.dxc6 bxc6 44.Rc7 Rb2
45.Rxc6 Rxa2 46.Ke4 Rg2 47.Kf5 a3 48.Rc8+ Kf7 49.g6+ Kg7 50.Rc7+ Kg8 51.Ra7 a2
52.Kf6 Rf2+ 53.Ke6 Re2+ 54.Kxd6 Rg2  1-0